| 000 | 00846cam a22002777a 4500 | ||
|---|---|---|---|
| 003 | CHAP | ||
| 005 | 20220329134653.0 | ||
| 008 | 971013s1972 r 00010 d | ||
| 010 | _a24001 | ||
| 011 | _a24973 | ||
| 035 | _a29073 | ||
| 040 | _cCHAP | ||
| 090 | _aFolleto 11859 | ||
| 110 |
_aIBM _957218 |
||
| 245 | 1 | 4 | _aThe consideration of physical society in a computer environmet |
| 260 |
_aWhite Plain, N.Y. : _bIBM, _c1972 |
||
| 300 | _a37 p | ||
| 590 |
_aBATCH-UPD _b10 _c20130110 _lUCH01 _h0218 |
||
| 590 |
_aBATCH-UPD _b10 _c20130409 _lUCH01 _h2238 |
||
| 590 |
_aBATCH-UPD _b10 _c20130914 _lUCH01 _h1936 |
||
| 590 |
_aCONVERSION _b10 _c20130109 _lUCH01 _h1314 |
||
| 650 | 1 | 4 |
_aProcesamiento automático de datos _xMedidas de seguridad. _991743 |
| 901 | _aBK | ||
| 942 | _cFOLL | ||
| 949 |
_aFolleto 11859 _bBC _cFOLL _d-67168 _eTS1 _i29073 _mD _si |
||
| 999 |
_c24001 _d24001 |
||